| 000 | 00537nam a22001817a 4500 | ||
|---|---|---|---|
| 003 | BD-DhUIB | ||
| 005 | 20260518200045.0 | ||
| 008 | 260518b |||||||| |||| 00| 0 eng d | ||
| 020 | _a0691128685 | ||
| 040 |
_aBD-DhUIB _cBD-DhUIB |
||
| 082 | _222 | ||
| 100 |
_aAmyx, Jennifer A. _91124 |
||
| 245 |
_aJapans financial crisis : _binternational rigidity and reluctant change/ _cby Jennifer A. Amyx. |
||
| 260 |
_aAmerica. _bPrinceton University Press. _cc2004 |
||
| 300 |
_axix, 365p. : _billus. ; _c24cm. |
||
| 526 | _aMBA | ||
| 942 |
_2ddc _cBK |
||
| 999 |
_c713 _d713 |
||